00765nam a2200253Ia 4500003000400000005001700004008004100021020001500062040001800077041000800095082002100103100002300124245007400147250001200221260006800233300002800301650002300329650001900352650001900371650002500390650005600415650002000471700002000491OSt20230720102228.0210716s2003 xx 000 0 und d a0070532931 cAIMIT LIBRARY aeng a004.78 21bHENH aHenrickson, Hethe. aIIS 6: bcomplete reference /cBy Hethe Henrickson and Scott Hofmann. a1st ed. aNewDelhi :bTata McGraw Hill Education Private Limited ,c2003. axx, 712p. ;bPBc23 cm. aIIS administration aAuthentication aTCP/IP and DNS aAsp.net web services aBringing it all together creating your own web site aTroubleshooting aHofmann, Scott.